000 00437nam a22001697a 4500
003 MPLRDC
005 20220104114731.0
008 210129b ||||| |||| 00| 0 eng d
082 _a540.952 CAL
100 _aCARROLL C.CALKINS
245 _a美国社会史话
_c王岱、程毓征译
250 _a一版一刷
260 _a
_b人民出版社
_c1984
300 _b
650 _a各国社会史--美国
942 _cBK
_o540.952 CAL
999 _c9806
_d9796